000 00499nam a2200205Ia 4500
003 OSt
005 20230606203136.0
008 210423s2011 xx 000 0 und d
040 _cAL
041 _aeng
082 _a307.76
_223
_bTABS
100 _aTABASSUM (H)
_9120379
245 _aSlums in India
260 _aJaipur
_bABC Publications
_c2011
365 _b1195
_cINR
650 _aSociology
_9120380
650 _aUrban Communities
_9120381
906 _aIndia ; Slums
942 _2ddc
_cBK
999 _c175939
_d175939